Los primeros cien años de la escuela nº 7 "sarento juan bautista cabral" de bahía blanca /

Guardado en:
Autor Principal: Poliansky, Clyde Mabel
Formato: Libro
Publicado: Bahía Blanca, 2005
Materias:
Etiquetas: Agregar Etiqueta
Sin Etiquetas, Sea el primero en etiquetar este registro!
LEADER 00602nam a22001815a 4500
001 CEM.cems012098
005 20060427000000.0
008 130507s2005##################000#0#####d
003 CEMS
082 0 4 |a F373 
100 1 |a Poliansky, Clyde Mabel 
245 1 0 |a Los primeros cien años de la escuela nº 7 "sarento juan bautista cabral" de bahía blanca /  |c Clyde Mabel Poliansky 
260 |a Bahía Blanca,  |c 2005 
300 |a 20 p. 
653 |a Educación 
653 |a Bahía blanca educación 
653 |a Escuela nº 7 sargento juan bautista cabral 
859 |a CEMS  |b BIB. CEMS - 11 de abril  |h F373  |i 4  |p 2111.44  |t Ej.1